MBTI with Pictures - Statistics

General Stats
  • This quiz has been taken 119 times
  • The average score is 14 of 16
Answer Stats
Picture Answer % Correct
INTP
91%
ENTJ
90%
ENTP
90%
INFP
90%
ESTP
89%
INFJ
89%
INTJ
88%
ISTJ
88%
ISTP
88%
ENFP
87%
ESFP
87%
ISFP
87%
ESTJ
86%
ISFJ
85%
ENFJ
84%
ESFJ
81%
No matching quizzes found
Score Distribution
Percent of People with Each Score
Percentile by Number Answered
Your Score History
You have not taken this quiz